000 00525nam a2200193Ia 4500
008 220204s9999 xx 000 0 und d
082 _a582.28:573.6
_bMEY;1
100 _aBULOCK, J D
245 0 _aBiotechnology and fungal differentiation
260 _aLondon
_bAcademic
_c1977
650 _aBasidiocarps
650 _aFungal differentiation
650 _aFungal sporulation
650 _aIndustrial enzyme
650 _aLignocellulose fermentation
650 _aRibonuclease
700 _aMEYRATH, J
942 _cBK
999 _c27956
_d27956